00381nam a2200133Ia 450000500170000000800410001702000150005808200130007310000150008624500480010126000400014930000130018950000450020220250702024335.0240331s9999 xx 000 0 und d a9552000386 bDESa792 aDe Silva,S 0aSonduru agyadayakayahewath natya nishpadaka aColombobS. Godage & Brothersc1988 a182 p ., aThe Beautiful Director or Drama Producer